Rozhodovacia činnosť súdov vo veciach sociálneho zabezpečenia

Otázky rozhodovacej činnosti súdov na úseku sociálneho zabezpečenia. Historický vývoj právnej oblasti sociálneho zabezpečenia na území Slovenska.

Salvato in:
Dettagli Bibliografici
Autore principale: Závadská, Elena
Natura: Capitolo di libro
Lingua:slovacco
Soggetti:
Tags: Aggiungi Tag
Nessun Tag, puoi essere il primo ad aggiungerne!!

MARC

LEADER 00000naa a2200000 4500
001 r030254
005 20230921125219.3
041 0 |a slo 
044 |a SK 
245 1 0 |a Rozhodovacia činnosť súdov vo veciach sociálneho zabezpečenia  |c Závadská, E. 
520 |a Otázky rozhodovacej činnosti súdov na úseku sociálneho zabezpečenia. Historický vývoj právnej oblasti sociálneho zabezpečenia na území Slovenska. 
610 2 0 |a zabezpečenie sociálne 
610 2 0 |a súdy 
610 2 0 |a súdnictvo 
610 2 0 |a právo 
610 2 0 |a štát 
610 2 0 |a Slovensko 
610 2 0 |a systémy sociálne 
610 2 0 |a história 
100 1 |a Závadská, Elena